Plazas y provincias africanas españolas : Ifni, Sahara, Fernando Poo y Río Muni

Gespeichert in:
Bibliographische Detailangaben
1. Verfasser: Gil, Adela
Format: Buch
Sprache:Spanisch
Erschienen: Salamanca : Anaya, 1962
Ausgabe:2ª ed.
Katalog:MANES:  Suchergebnis im Bibliothekskatalog
Schulbuchspezifische Eigenschaften:
Schriftenreihe:Textos Anaya. Preuniversitario
Tags: Tag hinzufügen
Keine Tags, Fügen Sie den ersten Tag hinzu!
Hinzugefügt zu:01.12.1998
Geändert in:07.05.2025

MARC

LEADER 00000cam a2200000 i 4500
003 OSt
005 20250507134357.0
008 981202s1962 espbo fp 000 spa d
040 |a uned  |b spa  |c entro-manes 
100 1 |a Gil, Adela  |9 36197 
245 1 0 |a Plazas y provincias africanas españolas :   |b Ifni, Sahara, Fernando Poo y Río Muni /   |c Adela Gil Crespo 
250 |a 2ª ed. 
260 |a Salamanca :   |b Anaya,   |c 1962 
300 |a 254 p. :   |b il.  |c 16x22cm 
490 0 |a Textos Anaya. Preuniversitario 
500 |a Libro ilustrado. Contiene imágenes con fotografías, mapas y gráficos en blanco y negro. 
504 |a Bibliogr. en cada cap. 
546 |a España 
561 |5 es-BUNED  |3 L.T. 3784  |a España. Fondo Manes UNED  |k MANES 
690 0 |a GEO  |a HI 
691 0 |a SE 
942 |2 ddc  |c BK 
999 |c 93046  |d 93046 
999 |c manes:93046  |d 93046